000 00545nam a2200181Ia 4500
008 090123s9999 xx 000 0 und d
082 _b3634
100 _aगुप्ते भास्कर
245 _aडोळस आंधळा
250 _a1
260 _bमनोहर प्रकाशन
_c1974
300 _a158
600 _aगुप्ते भास्कर
630 _aडोळस आंधळा
700 _aगुप्ते भास्कर
730 _aडोळस आंधळा
942 _cBOOK
999 _c41713
_d41713